000 00671nam a2200205Ia 4500
003 GCL
008 140319s9999 xx 000 0 ara d
040 _aGCL /
_cGCL
082 0 4 _a843
_bك د
100 1 _aكينج , باربرة
245 1 0 _aدوامة الذكريات /
_cكينج , باربرة
260 _a[S.N] :
_bدار الراتب الجامعية
300 _a131 ص
490 _aرومانسيات ناتالى
_v0
650 0 4 _aالادب الفرنسى
650 0 4 _aالادب الفرنسى المترجم
650 0 4 _aالقصص الفرنسية المترجمة
650 0 4 _aالقصص الفرنسية القصيرة
942 _2ddc
_cBK
999 _c38180
_d38180